| 000 | 00761nam a22002657a 4500 | ||
|---|---|---|---|
| 003 | CHAP | ||
| 005 | 20220329140124.0 | ||
| 008 | 971013s1980 r 00010 d | ||
| 010 | _a47317 | ||
| 011 | _a48289 | ||
| 035 | _a52434 | ||
| 040 | _cCHAP | ||
| 082 |
_a627.8 _bR4 |
||
| 100 | 0 | 0 |
_aReuss, John O. _996680 |
| 245 | _aOptimization of lengths of alternative watercourse improvement programs | ||
| 260 |
_aFort Collins : _bColorado State University, _c1980 |
||
| 300 | _a49 p. | ||
| 500 | _aFotocopia | ||
| 590 |
_aBATCH-UPD _b10 _c20130110 _lUCH01 _h1422 |
||
| 590 |
_aCONVERSION _b10 _c20130109 _lUCH01 _h1326 |
||
| 650 | 1 | 4 |
_aPresas. _991480 |
| 901 | _aBK | ||
| 942 | _cLIBRO | ||
| 949 |
_a627.8 R4 _bBC _cLIBRO _d33724000023123 _eLIBRO _h60212 _i52434 _si |
||
| 999 |
_c47317 _d47317 |
||